000
00327nam a2200133Ia 4500
008
230917s9999||||xx |||||||||||||| ||und||
040
_e
92854
_a
MAIN
041
_a
English
082
_a
617 D214R
100
_a
Dangi, Dewa Singh
245
0
_a
Role of cryosurgery in management of haemorrhoids
300
_a
66 p.
942
_c
TH
999
_c
72178
_d
72178